Etats des Etats-Unis en plusieurs Mots - Statistiques

Statistiques générales
  • Ce quiz a été pris 347 fois
  • Le résultat moyen est 9 sur 10
Statistiques - réponses
Réponse % Correct
Dakota du Nord
97%
Dakota du Sud
97%
Caroline du Nord
94%
Caroline du Sud
93%
New-York
87%
New Jersey
85%
Nouveau-Mexique
85%
Virginie-Occidentale
84%
New Hampshire
83%
Rhode Island
67%
Aucun quiz correspondant
Distribution des résultats
% des personnes avec chaque résultat
Percentile par nombre de réponses
Votre historique - résultats
Vous n’avez pas pris ce quiz